10 zmysłów człowieka - Statystyki

Ogólne statystyki
  • Ten quiz został rozwiązany 294 razy
  • Średni wynik to 5 z 10
Statystyki odpowiedzi
Podstawowy/
dodatkowy
Narząd Zmysł % Poprawnych
Podstawowy Ucho Słuch
100%
Podstawowy Nos Węch
98%
Podstawowy Skóra Dotyk
97%
Podstawowy Język Smak
97%
Podstawowy Oko Wzrok
97%
Dodatkowy Klika narządów w uchu Zmysł {równowagi}
30%
Dodatkowy Skóra/stawy/narządy Nocycepcja
14%
Dodatkowy Skóra Termorecepcja
7%
Dodatkowy Proprioreceptory Propriocepcja
6%
Dodatkowy Mózg Percepcja czasu
2%
Nie znaleziono quizów pasujących do podanych kryteriów
Rozkład punktacji
Procent ludzi z każdym wynikiem
Percentyl według liczby udzielonych odpowiedzi
Twoja historia wyników
Nie rozwiązałeś tego quizu